[Event "Kvibergspelen2017"]
[Site "Prioritet Serneke Arena, Krutvägen 2, Gothenburg, Sweden"]
[Date "2017.05.05"]
[Round "1.7"]
[White "Lindberg, Bengt"]
[Black "Agovic, Sejfo"]
[Result "1-0"]
[BlackElo "1864"]
[WhiteElo "2387"]
[LiveChessVersion "1.4.8"]

1. e4 {[%clk 0:15:07]} c5 {[%clk 0:15:08]} 2. Nf3 {[%clk 0:15:10]} d6
{[%clk 0:15:11]} 3. d4 {[%clk 0:15:14]} cxd4 {[%clk 0:15:14]} 4. Nxd4
{[%clk 0:15:18]} Nf6 {[%clk 0:15:18]} 5. Nc3 {[%clk 0:15:21]} a6 {[%clk 0:15:21]}
6. Be3 {[%clk 0:15:22]} e5 {[%clk 0:15:24]} 7. Nb3 {[%clk 0:15:24]} Be7
{[%clk 0:15:28]} 8. h3 {[%clk 0:15:21]} Be6 {[%clk 0:15:28]} 9. g4
{[%clk 0:15:04]} h6 {[%clk 0:15:32]} 10. Bg2 {[%clk 0:14:43]} Nc6
{[%clk 0:15:34]} 11. Nd5 {[%clk 0:13:23]} Bxd5 {[%clk 0:15:34]} 12. exd5
{[%clk 0:13:25]} Nb8 {[%clk 0:15:38]} 13. f4 {[%clk 0:11:42]} Nbd7
{[%clk 0:15:04]} 14. O-O {[%clk 0:10:51]} Rc8 {[%clk 0:15:00]} 15. Kh1
{[%clk 0:10:10]} Qc7 {[%clk 0:14:35]} 16. fxe5 {[%clk 0:09:36]} Nxe5
{[%clk 0:14:35]} 17. Nd4 {[%clk 0:09:38]} O-O {[%clk 0:13:23]} 18. Nf5
{[%clk 0:08:23]} Ng6 {[%clk 0:12:41]} 19. Rf2 {[%clk 0:07:39]} Rfe8
{[%clk 0:12:43]} 20. Bd4 {[%clk 0:07:35]} Ne5 {[%clk 0:12:34]} 21. b3
{[%clk 0:07:06]} Bf8 {[%clk 0:12:23]} 22. c4 {[%clk 0:05:56]} Nh7
{[%clk 0:11:14]} 23. Qd2 {[%clk 0:05:37]} b5 {[%clk 0:10:12]} 24. cxb5
{[%clk 0:05:33]} axb5 {[%clk 0:10:11]} 25. Raf1 {[%clk 0:05:15]} Ng5
{[%clk 0:09:21]} 26. h4 {[%clk 0:04:25]} Nxg4 {[%clk 0:09:18]} 27. Rf4
{[%clk 0:04:07]} h5 {[%clk 0:08:48]} 28. hxg5 {[%clk 0:04:03]} Qc2
{[%clk 0:08:52]} 29. Qxc2 {[%clk 0:03:33]} Rxc2 {[%clk 0:08:56]} 30. Ng3
{[%clk 0:03:21]} Rd2 {[%clk 0:08:46]} 31. Nxh5 {[%clk 0:02:54]} Ne3
{[%clk 0:08:44]} 32. Bxe3 {[%clk 0:02:44]} Rxe3 {[%clk 0:08:48]} 33. Rxf7
{[%clk 0:02:14]} Re8 {[%clk 0:08:26]} 34. g6 {[%clk 0:01:37]} Rxa2
{[%clk 0:08:06]} 35. Nf4 {[%clk 0:01:33]} Be7 {[%clk 0:07:29]} 36. Bh3
{[%clk 0:01:28]} Bf6 {[%clk 0:07:16]} 37. Be6 {[%clk 0:01:29]} Kh8
{[%clk 0:07:20]} 38. Nh5 {[%clk 0:01:23]} Ra1 {[%clk 0:06:19]} 39. R7xf6
{[%clk 0:01:07]} gxf6 {[%clk 0:06:20]} 40. Rxa1 {[%clk 0:01:08]} Rd8
{[%clk 0:06:14]} 41. Ra7 {[%clk 0:01:07]} 1-0

[Event "Kvibergspelen2017"]
[Site "Prioritet Serneke Arena, Krutvägen 2, Gothenburg, Sweden"]
[Date "2017.05.05"]
[Round "1.8"]
[White "Nyström, Jonas"]
[Black "Ernst, Thomas"]
[Result "0-1"]
[BlackElo "2382"]
[WhiteElo "1860"]
[LiveChessVersion "1.4.8"]

1. e4 {[%clk 0:15:08]} c5 {[%clk 0:15:08]} 2. Nf3 {[%clk 0:15:10]} d6
{[%clk 0:15:12]} 3. d4 {[%clk 0:15:12]} cxd4 {[%clk 0:15:15]} 4. Nxd4
{[%clk 0:15:13]} Nf6 {[%clk 0:15:19]} 5. Nc3 {[%clk 0:15:14]} a6 {[%clk 0:15:22]}
6. h3 {[%clk 0:14:53]} e6 {[%clk 0:15:23]} 7. Be2 {[%clk 0:13:02]} Nc6
{[%clk 0:15:23]} 8. Be3 {[%clk 0:11:59]} Be7 {[%clk 0:15:23]} 9. a4
{[%clk 0:11:37]} d5 {[%clk 0:15:03]} 10. exd5 {[%clk 0:09:46]} exd5
{[%clk 0:15:01]} 11. O-O {[%clk 0:09:36]} O-O {[%clk 0:15:01]} 12. Nxc6
{[%clk 0:08:19]} bxc6 {[%clk 0:15:04]} 13. Bf3 {[%clk 0:08:15]} Bd6
{[%clk 0:14:37]} 14. Ne2 {[%clk 0:07:09]} Rb8 {[%clk 0:14:30]} 15. Nd4
{[%clk 0:07:00]} Bd7 {[%clk 0:14:10]} 16. b3 {[%clk 0:05:58]} Qe7
{[%clk 0:12:40]} 17. Be2 {[%clk 0:04:20]} a5 {[%clk 0:11:55]} 18. Bg5
{[%clk 0:04:05]} Be5 {[%clk 0:10:56]} 19. Rc1 {[%clk 0:03:34]} Bxd4
{[%clk 0:10:34]} 20. Qxd4 {[%clk 0:03:18]} Qxe2 {[%clk 0:10:35]} 21. Bxf6
{[%clk 0:03:15]} gxf6 {[%clk 0:10:37]} 22. Qxf6 {[%clk 0:03:19]} Qe6
{[%clk 0:10:26]} 23. Qc3 {[%clk 0:03:16]} Qg6 {[%clk 0:09:47]} 24. Rcd1
{[%clk 0:03:08]} Bf5 {[%clk 0:09:19]} 25. Rd4 {[%clk 0:02:16]} Rb4
{[%clk 0:09:01]} 26. Rfd1 {[%clk 0:02:12]} Bxc2 {[%clk 0:08:33]} 27. Rc1
{[%clk 0:01:47]} Rxd4 {[%clk 0:07:58]} 28. Qxd4 {[%clk 0:01:47]} Be4
{[%clk 0:07:57]} 29. g3 {[%clk 0:00:59]} Qh6 {[%clk 0:07:31]} 0-1

[Event "Kvibergspelen2017"]
[Site "Prioritet Serneke Arena, Krutvägen 2, Gothenburg, Sweden"]
[Date "2017.05.05"]
[Round "3.3"]
[White "Hector, Jonny"]
[Black "Borvander, Tom"]
[Result "1-0"]
[BlackElo "2134"]
[WhiteElo "2498"]
[LiveChessVersion "1.4.8"]

1. e4 {[%clk 0:15:05]} e5 {[%clk 0:15:09]} 2. Nf3 {[%clk 0:15:06]} Nc6
{[%clk 0:15:13]} 3. Bc4 {[%clk 0:15:09]} Nf6 {[%clk 0:15:16]} 4. Qe2
{[%clk 0:15:10]} Be7 {[%clk 0:14:05]} 5. d4 {[%clk 0:15:12]} d6 {[%clk 0:14:00]}
6. dxe5 {[%clk 0:15:13]} dxe5 {[%clk 0:13:52]} 7. O-O {[%clk 0:15:11]} Bg4
{[%clk 0:13:50]} 8. c3 {[%clk 0:15:02]} O-O {[%clk 0:13:26]} 9. h3
{[%clk 0:14:54]} Bh5 {[%clk 0:13:11]} 10. Nbd2 {[%clk 0:14:35]} a6
{[%clk 0:12:49]} 11. Rd1 {[%clk 0:14:17]} Qc8 {[%clk 0:12:17]} 12. Nf1
{[%clk 0:14:16]} Bxf3 {[%clk 0:11:14]} 13. Qxf3 {[%clk 0:14:17]} b5
{[%clk 0:10:49]} 14. Bb3 {[%clk 0:13:23]} Na5 {[%clk 0:10:46]} 15. Ng3
{[%clk 0:13:02]} Nxb3 {[%clk 0:10:45]} 16. axb3 {[%clk 0:13:05]} Qe6
{[%clk 0:10:44]} 17. Nf5 {[%clk 0:13:03]} g6 {[%clk 0:08:42]} 18. Nxe7+
{[%clk 0:12:18]} Qxe7 {[%clk 0:08:46]} 19. Bg5 {[%clk 0:12:17]} Kg7
{[%clk 0:08:49]} 20. Rd7 {[%clk 0:11:57]} Qe6 {[%clk 0:08:52]} 21. Rxc7
{[%clk 0:11:55]} Rfe8 {[%clk 0:07:24]} 22. Rd1 {[%clk 0:11:27]} h6
{[%clk 0:05:36]} 23. Bxf6+ {[%clk 0:11:26]} Qxf6 {[%clk 0:05:40]} 24. Qxf6+
{[%clk 0:11:28]} Kxf6 {[%clk 0:05:44]} 25. Rdd7 {[%clk 0:11:24]} Rf8
{[%clk 0:05:44]} 26. Kf1 {[%clk 0:10:57]} Rad8 {[%clk 0:05:43]} 27. Rc6+
{[%clk 0:10:28]} Kg5 {[%clk 0:05:14]} 28. Rxd8 {[%clk 0:09:55]} Rxd8
{[%clk 0:05:18]} 29. Ke2 {[%clk 0:09:49]} Ra8 {[%clk 0:05:03]} 30. g3
{[%clk 0:09:33]} Ra7 {[%clk 0:04:40]} 31. b4 {[%clk 0:09:19]} h5 {[%clk 0:04:33]}
32. Rc5 {[%clk 0:08:33]} Kf6 {[%clk 0:04:21]} 33. f4 {[%clk 0:08:35]} exf4
{[%clk 0:04:14]} 34. gxf4 {[%clk 0:08:37]} Ke6 {[%clk 0:02:45]} 35. Rc6+
{[%clk 0:08:16]} Ke7 {[%clk 0:02:48]} 36. Ke3 {[%clk 0:08:08]} a5
{[%clk 0:02:41]} 37. bxa5 {[%clk 0:08:08]} Rxa5 {[%clk 0:02:45]} 38. Rb6
{[%clk 0:08:08]} Ra1 {[%clk 0:02:40]} 39. Kf2 {[%clk 0:06:32]} Rh1
{[%clk 0:02:40]} 40. Kg2 {[%clk 0:06:36]} Re1 {[%clk 0:02:40]} 41. Rxb5
{[%clk 0:06:25]} Rxe4 {[%clk 0:02:43]} 42. Kf3 {[%clk 0:06:11]} Ra4
{[%clk 0:02:38]} 43. Re5+ {[%clk 0:05:51]} Kd6 {[%clk 0:02:27]} 44. b4
{[%clk 0:05:52]} Ra3 {[%clk 0:02:23]} 45. Rc5 {[%clk 0:05:51]} Ra1
{[%clk 0:01:54]} 46. Rc4 {[%clk 0:05:43]} Rb1 {[%clk 0:01:40]} 47. Rd4+
{[%clk 0:05:27]} Ke6 {[%clk 0:01:42]} 48. Ke4 {[%clk 0:05:20]} Re1+
{[%clk 0:01:40]} 49. Kd3 {[%clk 0:05:21]} Rh1 {[%clk 0:01:44]} 50. b5
{[%clk 0:05:22]} Rxh3+ {[%clk 0:01:43]} 51. Kc4 {[%clk 0:05:18]} Rh1
{[%clk 0:01:45]} 52. b6 {[%clk 0:05:03]} Rb1 {[%clk 0:01:49]} 53. Kc5
{[%clk 0:05:06]} h4 {[%clk 0:01:45]} 54. f5+ {[%clk 0:04:44]} Kxf5
{[%clk 0:01:33]} 55. Rxh4 {[%clk 0:04:47]} g5 {[%clk 0:01:36]} 56. Rb4
{[%clk 0:04:43]} Re1 {[%clk 0:01:23]} 57. b7 {[%clk 0:04:44]} Re8
{[%clk 0:01:25]} 58. b8=Q {[%clk 0:04:40]} Rxb8 {[%clk 0:01:28]} 59. Rxb8
{[%clk 0:04:43]} Kf4 {[%clk 0:01:21]} 60. Kd4 {[%clk 0:04:40]} f5
{[%clk 0:01:25]} 61. c4 {[%clk 0:04:43]} g4 {[%clk 0:01:29]} 62. c5
{[%clk 0:04:46]} g3 {[%clk 0:01:22]} 63. c6 {[%clk 0:04:48]} Kf3 {[%clk 0:01:08]}
64. c7 {[%clk 0:04:50]} g2 {[%clk 0:01:11]} 65. Rg8 {[%clk 0:04:51]} 1-0